Statistics for Top 15 US States By Average Yearly Precipitation

Click here to take the quiz!

General Stats

  • This quiz has been taken 20 times
  • The average score is 13 of 15

Answer Stats

Amount of Average Yearly Rainfall(Inches)State% Correct
54.5Florida
100%
50.7Georgia
100%
63.7Hawaii
100%
54.2Tennessee
100%
58.3Alabama
94%
59.0Mississippi
94%
50.3North Carolina
94%
49.8South Carolina
94%
48.9Kentucky
89%
60.1Louisiana
89%
47.9Rhode Island
89%
50.6Arkansas
83%
50.3Connecticut
78%
47.7Massachusetts
61%
47.1New Jersey
56%

Score Distribution

Percentile by Number Answered

Percent of People with Each Score

Your Score History

You have not taken this quiz